Manual dels productes del Servei de Serveis Generals / Diputació de Barcelona
Publicado:
Barcelona :
Diputació de Barcelona. Àrea de Règim Interior, Hisenda i Planificació. Servei de Serveis Generals ,
1996
Descripción Física:
9 + [116] p. ; 24 cm
Colección:
Col·lecció NEO ; 40
MARC
| LEADER | 00000nam a2200000Ia 4500 | ||
|---|---|---|---|
| 001 | 17872 | ||
| 008 | 160829s1996 xx 000 0 cat d | ||
| 080 | |a M-5-228 | ||
| 110 | 1 | |a Barcelona (Catalunya : Província). |b Servei de Serveis Generals |9 55916 | |
| 245 | |a Manual dels productes del Servei de Serveis Generals / Diputació de Barcelona | ||
| 260 | |a Barcelona : |b Diputació de Barcelona. Àrea de Règim Interior, Hisenda i Planificació. Servei de Serveis Generals, |c 1996 | ||
| 300 | |a 9 + [116] p. ; |c 24 cm | ||
| 490 | |a Col·lecció NEO ; 40 | ||
| 590 | |a Conté fitxes descriptives dels productes que ofereix el Servei de Serveis General. | ||
| 590 | |a A la coberta: Productes del Servei de Serveis Generals : manual per a l'ús de les diferents unitats dels Serveis i organismes autònoms | ||
| 650 | |a Barcelona. Diputació. Servei de Serveis Generals | ||
| 710 | |a Barcelona (Catalunya : Província). |b Àrea de Règim Interior, Hisenda i Planificació |9 53667 | ||
| 901 | |a Arxiu | ||
| 942 | |n 1 | ||
| 952 | |0 0 |1 0 |4 0 |6 M5228 |7 1 |9 42508 |a Arxiu |b Arxiu |d 2016-12-01 |l 0 |o M-5-228 |p 17872 |r 2016-12-01 00:00:00 |w 2016-12-01 |y ARXIU | ||
| 999 | |c 45013 |d 45013 | ||